Les 30 pays les plus riches du monde - 2021 - Statistiques

Statistiques générales
  • Ce quiz a été pris 2 141 fois
  • Le résultat moyen est 21 sur 30
Statistiques - réponses
Rang PIB (en milliards de $) Pays % Correct
5_ 2 918 France
97%
2_ 16 493 Chine
96%
11_ 1 584 Russie
92%
3_ 5 103 Japon
91%
4_ 4 318 Allemagne
90%
13_ 1 451 Espagne
88%
9_ 1 763 Canada
86%
8_ 2 112 Italie
85%
6_ 2 856 Royaume_Uni
85%
14_ 1 432 Brésil
84%
7_ 2 834 Inde
80%
18_ 791 Suisse
79%
10_ 1 674 Corée
76%
16_ 1 095 Mexique
76%
12_ 1 480 Australie
74%
29_ 417 Argentine
73%
1_ 21 922 Etats-Unis d'Amérique
71%
24_ 577 Belgique
70%
23_ 612 Suède
68%
19_ 735 Arabie Saoudite
67%
17_ 1 006 Pays-Bas
61%
22_ 635 Pologne
61%
21_ ex aequo 652 Turquie
61%
15_ 1 167 Indonésie
52%
26_ 490 Autriche
50%
28_ 458 Irlande
49%
21_ ex aequo 652 Iran
43%
25_ 537 Thaïlande
42%
27_ 467 Nigeria
33%
20_ 683 Taïwan
28%
Aucun quiz correspondant
Distribution des résultats
% des personnes avec chaque résultat
Percentile par nombre de réponses
Votre historique - résultats
Vous n’avez pas pris ce quiz